000 00902nam a22002897a 4500
003 CHAP
005 20220329135426.0
008 971013s1983 r 00010 d
010 _a36243
011 _a37215
035 _a41334
040 _cCHAP
090 _aFolleto 9147
100 0 0 _aOrnelas Gutiérrez, Tomás.
_983609
245 _aGenética de productividad total en vacas Indubrasil
260 _aChapingo, Méx. :
_bUACH. Departamento de Zootecnia,
_c1983
300 _a1 h.
590 _aBATCH-UPD
_b10
_c20130110
_lUCH01
_h1229
590 _aBATCH-UPD
_b10
_c20130410
_lUCH01
_h0800
590 _aBATCH-UPD
_b10
_c20130914
_lUCH01
_h1516
590 _aCONVERSION
_b10
_c20130109
_lUCH01
_h1320
650 1 4 _aGanado lechero
_xGenética.
_945267
650 1 4 _aGanado lechero
_xProducción.
_945288
901 _aBK
942 _cFOLL
949 _aFolleto 9147
_bBC
_cFOLL
_d-94562
_eTS1
_i41334
_si
999 _c36243
_d36243